| 000 | 01201nam a2200325Ia 4500 | ||
|---|---|---|---|
| 001 | ebr10138725 | ||
| 003 | CaPaEBR | ||
| 006 | m u | ||
| 007 | cr cn||||||||| | ||
| 008 | 060111s2006 enka sb 001 0 eng d | ||
| 015 |
_aGBA631711 _2bnb |
||
| 020 | _z0750679077 (pbk.) | ||
| 020 | _z0080458769 | ||
| 024 | 3 | _z9780750679077 | |
| 040 |
_aCaPaEBR _cCaPaEBR |
||
| 035 | _a(OCoLC)647549458 | ||
| 050 | 1 | 4 |
_aTK7868.S88 _bL58 2006eb |
| 082 | 0 | 4 |
_a621.3815 _222 |
| 100 | 1 | _aLiu, Michael. | |
| 245 | 1 | 0 |
_aDemystifying switched-capacitor circuits _h[electronic resource] / _cMingliang (Michael) Liu. |
| 260 |
_aOxford : _bNewnes, _c2006. |
||
| 300 |
_axiii, 317 p. : _bill. |
||
| 504 | _aIncludes bibliographical references and index. | ||
| 533 |
_aElectronic reproduction. _bPalo Alto, Calif. : _cebrary, _d2009. _nAvailable via World Wide Web. _nAccess may be limited to ebrary affiliated libraries. |
||
| 650 | 0 | _aSwitched capacitor circuits. | |
| 650 | 0 | _aElectronic circuits. | |
| 655 | 7 |
_aElectronic books. _2local |
|
| 710 | 2 | _aebrary, Inc. | |
| 856 | 4 | 0 |
_uhttp://site.ebrary.com/lib/rucke/Doc?id=10138725 _zAn electronic book accessible through the World Wide Web; click to view |
| 999 |
_c185442 _d185442 |
||